[Event "Cto Aragón Equipos Div Honor Gr I"]
[Site "Aragon"]
[Date "2014.02.01"]
[Round "2.5"]
[White "Garcia Fernandez, Javier"]
[Black "Guetas Sanchez, Hugo"]
[Result "1-0"]
[WhiteElo "2174"]
[BlackElo "2154"]
[PlyCount "99"]
[EventDate "2014.??.??"]
[EventCountry "ESP"]
[WhiteTeam "Teruel"]
[BlackTeam "L´Aurora Estadilla"]

1. e4 c6 2. d4 d5 3. Nc3 g6 4. e5 Bg7 5. f4 Nh6 6. Nf3 Nf5 7. g4 Nh6 8. h3 b5
9. Bd3 f5 10. g5 Nf7 11. h4 Qa5 12. a3 Nd8 13. h5 b4 14. Ne2 bxa3+ 15. Bd2 Qc7
16. Rxa3 Be6 17. Ba5 Qb7 18. hxg6 hxg6 19. Rxh8+ Bxh8 20. Kd2 Nd7 21. Qa1 Bg7
22. Rb3 Nb6 23. Bb4 Nc4+ 24. Kc3 Qc7 25. Nd2 a5 26. Bc5 Nb7 27. Nxc4 dxc4 28.
Bxc4 Nxc5 29. dxc5 Bxc4 30. Kxc4 Qc8 31. Nd4 Qa6+ 32. Kc3 a4 33. Rb6 Qa5+ 34.
Kc4 Qd2 35. Qh1 Rd8 36. Qxc6+ Kf7 37. Qxg6+ Kg8 38. Qe6+ Kh8 39. c3 Qxf4 40.
Qxe7 Rg8 41. g6 a3 42. bxa3 Qf1+ 43. Kb4 Qb1+ 44. Nb3 Ra8 45. Rb7 Qe4+ 46. Nd4
Qb1+ 47. Kc4 Qf1+ 48. Kb4 Qb1+ 49. Nb3 Qe4+ 50. c4 1-0

[Event "Cto Aragón Equipos Div Honor Gr I"]
[Site "Aragon"]
[Date "2014.02.01"]
[Round "2.6"]
[White "Cabrera Moreno, Daniel"]
[Black "Dominguez Bujeda, Jesus"]
[Result "1/2-1/2"]
[WhiteElo "2179"]
[BlackElo "2171"]
[PlyCount "99"]
[EventDate "2014.??.??"]
[EventCountry "ESP"]
[WhiteTeam "L´Aurora Estadilla"]
[BlackTeam "Teruel"]

1. b3 e5 2. Bb2 Nc6 3. e3 f5 4. c4 Nf6 5. Nc3 d6 6. g3 g6 7. Bg2 Bg7 8. Nge2
O-O 9. O-O Nh5 10. Nd5 Ne7 11. f4 c6 12. Nxe7+ Qxe7 13. Qc2 Nf6 14. c5 Nd7 15.
cxd6 Qxd6 16. fxe5 Nxe5 17. Nf4 Bd7 18. a4 Rfe8 19. Bc3 Rad8 20. b4 Nf7 21. Ra2
Bxc3 22. Qxc3 Ng5 23. d4 Qe7 24. Ra3 Ne4 25. Qb2 Nd6 26. Rc1 g5 27. Nh3 Be6 28.
Bf1 Bd5 29. Nf2 Rf8 30. Qd2 Rde8 31. Re1 Kh8 32. Rc3 Rf6 33. Qc1 Re6 34. Bg2 f4
35. gxf4 gxf4 36. e4 Nxe4 37. Nxe4 Bxe4 38. Qxf4 Bxg2 39. Rxe6 Qxe6 40. Kxg2
Qe2+ 41. Kh3 Qh5+ 42. Qh4 Qxh4+ 43. Kxh4 Re4+ 44. Kg5 Rxd4 45. b5 Kg7 46. bxc6
Rd5+ 47. Kg4 bxc6 48. Rxc6 Rd4+ 49. Kg5 h6+ 50. Kh5 1/2-1/2

[Event "Cto Aragón Equipos Div Honor Gr I"]
[Site "Aragon"]
[Date "2014.02.01"]
[Round "2.7"]
[White "Martin Catalan, Juan Vicente"]
[Black "Escuer Sanchez, Nestor"]
[Result "0-1"]
[WhiteElo "2102"]
[BlackElo "2047"]
[PlyCount "120"]
[EventDate "2014.??.??"]
[EventCountry "ESP"]
[WhiteTeam "Teruel"]
[BlackTeam "L´Aurora Estadilla"]

1. d4 Nf6 2. Nf3 c5 3. c3 e6 4. Bf4 cxd4 5. cxd4 b5 6. Nbd2 Bb7 7. e3 a6 8. Be2
Be7 9. h3 Nc6 10. O-O O-O 11. Ne5 d6 12. Nxc6 Bxc6 13. Bf3 d5 14. Rc1 Qb6 15.
Be2 Rfc8 16. Bd3 b4 17. Qe2 a5 18. Rc2 Ba4 19. Nb3 Bxb3 20. axb3 Bd6 21. Bxd6
Qxd6 22. Rfc1 Qd8 23. Ba6 Rxc2 24. Rxc2 Qb6 25. Bb5 Rb8 26. Rc6 Qb7 27. Rc5 g6
28. Ba6 Qb6 29. Rb5 Qc7 30. Rc5 Qd8 31. Qc2 Ne4 32. Rc6 Kg7 33. Bd3 Nf6 34. Qc5
Ne8 35. Bb5 Ra8 36. g3 h5 37. h4 Nf6 38. Rc7 Ne4 39. Qe7 Qxe7 40. Rxe7 Rc8 41.
Ra7 Rc1+ 42. Kg2 Rc2 43. Bd3 Rxf2+ 44. Kg1 Rxb2 45. Bxe4 dxe4 46. Rxa5 Rxb3 47.
Kf2 Rb2+ 48. Kf1 b3 49. Rb5 Rb1+ 50. Kg2 b2 51. Kh2 Kf8 52. Kg2 Ke7 53. Kh2 Kd7
54. Kg2 Kc6 55. Rb4 Kd5 56. Kh2 e5 57. dxe5 Kxe5 58. Rb5+ Kd6 59. Kg2 Kc6 60.
Rb3 Kc5 0-1

[Event "Cto Aragón Equipos Div Honor Gr I"]
[Site "Aragon"]
[Date "2014.02.01"]
[Round "2.9"]
[White "Villuendas Valero, Adrian"]
[Black "Hefty, Jorge W"]
[Result "1/2-1/2"]
[WhiteElo "2276"]
[BlackElo "2342"]
[PlyCount "143"]
[EventDate "2014.??.??"]
[EventCountry "ESP"]
[WhiteTeam "St. Casablanca B"]
[BlackTeam "IberCaja"]

1. Nf3 d5 2. c4 dxc4 3. e3 Nf6 4. Bxc4 c5 5. O-O e6 6. Qe2 Nc6 7. Rd1 Be7 8.
Nc3 O-O 9. d4 Qc7 10. a3 Bd7 11. dxc5 Bxc5 12. b4 Be7 13. Bb2 Rfd8 14. Nb5 Qb8
15. Nbd4 Nxd4 16. Bxd4 Ba4 17. Rdc1 Qd6 18. Qb2 Qd7 19. Ne5 Qe8 20. Qa2 Nd5 21.
Nf3 Bc6 22. Qb2 Bf6 23. b5 Bxd4 24. Nxd4 Bd7 25. Bxd5 exd5 26. Rc7 b6 27. Rac1
Qe5 28. Qc3 h6 29. h3 Be8 30. Qb4 a6 31. bxa6 Rxa6 32. Rc8 Qf6 33. R1c7 Ra8 34.
Rxd8 Qxd8 35. Rc3 g6 36. Ne2 Ra4 37. Qb3 Ra5 38. Nd4 Rc5 39. Qb4 Qc7 40. Ne2
Kh7 41. Qb2 h5 42. Qd2 Qe5 43. Qd4 Qxd4 44. exd4 Ra5 45. Nf4 Kg7 46. Rc8 Bd7
47. Rb8 Rxa3 48. Rxb6 Ra4 49. Rd6 Rxd4 50. Nxh5+ gxh5 51. Rxd7 Kg6 52. Kf1 f6
53. Ke2 Kf5 54. Rd8 Kg6 55. Ke3 Rd1 56. h4 Kf5 57. f3 Kg6 58. g3 Kf5 59. Rg8
Re1+ 60. Kf2 Rd1 61. Rh8 Kg6 62. g4 hxg4 63. fxg4 Rh1 64. Kg2 Rc1 65. Re8 Rc4
66. Kf3 f5 67. Re6+ Kf7 68. gxf5 Rxh4 69. Kg3 Rd4 70. Kf3 Rc4 71. Ke3 Re4+ 72.
Kd3 1/2-1/2

[Event "Cto Aragón Equipos Div Honor Gr I"]
[Site "Aragon"]
[Date "2014.02.01"]
[Round "2.10"]
[White "Martinez Cebolla, Alberto"]
[Black "Gomez Anadon, Daniel"]
[Result "0-1"]
[WhiteElo "2054"]
[BlackElo "2244"]
[PlyCount "92"]
[EventDate "2014.??.??"]
[EventCountry "ESP"]
[WhiteTeam "IberCaja"]
[BlackTeam "St. Casablanca B"]

1. e4 c5 2. Nf3 d6 3. c3 Nf6 4. Be2 g6 5. O-O Bg7 6. Re1 O-O 7. Bf1 Nc6 8. h3
Bd7 9. d4 cxd4 10. cxd4 d5 11. e5 Ne4 12. Nc3 Nxc3 13. bxc3 Na5 14. Bd3 Rc8 15.
Bd2 Nc4 16. Rb1 b5 17. Bg5 a6 18. Qc1 Rc6 19. Bh6 Qc7 20. Bxg7 Kxg7 21. Qg5 Be6
22. Qh4 h6 23. Qg3 Rg8 24. h4 Na3 25. Rb3 Rxc3 26. h5 g5 27. Nh2 Rxb3 28. axb3
Qc3 29. Qe3 Nc2 30. Bxc2 Qxc2 31. f3 Rc8 32. Re2 Qc1+ 33. Re1 Qxe3+ 34. Rxe3
Rc1+ 35. Kf2 Rd1 36. Rc3 Rxd4 37. Rc7 Rd2+ 38. Kg3 Rb2 39. Ra7 d4 40. Rxa6 Bxb3
41. Ng4 d3 42. Nxh6 Be6 43. Ng4 Bxg4 44. Kxg4 d2 45. Ra1 Rc2 46. Rd1 b4 0-1

[Event "Cto Aragón Equipos Div Honor Gr I"]
[Site "Aragon"]
[Date "2014.02.01"]
[Round "2.12"]
[White "Garcia Monterde, Francisco Jos"]
[Black "Bellosta Lopez, Pablo"]
[Result "0-1"]
[WhiteElo "1986"]
[BlackElo "2071"]
[PlyCount "82"]
[EventDate "2014.??.??"]
[EventCountry "ESP"]
[WhiteTeam "IberCaja"]
[BlackTeam "St. Casablanca B"]

1. c4 e6 2. Nf3 d5 3. b3 Nf6 4. Bb2 Be7 5. g3 O-O 6. Bg2 Nbd7 7. O-O c6 8. Qc2
b5 9. d3 Bb7 10. Nbd2 Bd6 11. d4 a5 12. Rfe1 bxc4 13. bxc4 Ba6 14. e4 Bb4 15.
a3 Be7 16. Ne5 Rc8 17. Qa4 Nxe5 18. dxe5 Ng4 19. cxd5 Bc5 20. Bd4 Bb5 21. Qd1
Bxd4 22. Qxg4 Bxa1 23. Rxa1 cxd5 24. exd5 exd5 25. Rd1 Qe7 26. Qd4 Rfe8 27. Re1
Qc5 28. Nb3 Qc3 29. Qxc3 Rxc3 30. Nxa5 Rxa3 31. Nb7 Bc4 32. f4 Rea8 33. Kf2
Ra2+ 34. Kg1 Rb2 35. Nd6 Raa2 36. Bf3 Rf2 37. Bh1 Rxh2 38. f5 Kf8 39. Bf3 Rhf2
40. Bh1 Rfe2 41. Rb1 Rxe5 0-1

[Event "Cto Aragón Equipos Div Honor Gr I"]
[Site "Aragon"]
[Date "2014.02.01"]
[Round "2.13"]
[White "Colas Longares, Rafael P"]
[Black "Forcen Esteban, Daniel"]
[Result "0-1"]
[WhiteElo "2289"]
[BlackElo "2501"]
[PlyCount "74"]
[EventDate "2014.??.??"]
[EventCountry "ESP"]
[WhiteTeam "Caissa-Hnos Cortes"]
[BlackTeam "Jaime Casas"]

1. e4 e6 2. d4 d5 3. Nc3 Nf6 4. Bg5 Be7 5. e5 Nfd7 6. Bxe7 Qxe7 7. f4 O-O 8.
Nf3 c5 9. Qd2 Nc6 10. dxc5 Nxc5 11. Bd3 a6 12. O-O b5 13. Rae1 Rd8 14. Ne2 Qa7
15. Ned4 Bb7 16. c3 b4 17. f5 bxc3 18. bxc3 Nxd3 19. Qxd3 exf5 20. Qxf5 Bc8 21.
Qh5 Nxd4 22. Nxd4 Be6 23. Kh1 Rac8 24. Re3 Re8 25. h3 Rxc3 26. Rxc3 Qxd4 27.
Rc7 g6 28. Qg5 Qd3 29. Qf6 Rf8 30. Rf4 d4 31. Kh2 Qe3 32. Re7 Bxa2 33. Rd7 Be6
34. Rd8 Qxf4+ 35. Qxf4 Rxd8 36. Qd2 d3 37. Kg3 Rd5 0-1

[Event "Cto Aragón Equipos Div Honor Gr I"]
[Site "Aragon"]
[Date "2014.02.01"]
[Round "2.14"]
[White "Garza Marco, Sergio"]
[Black "Garcia Vicente, Nieves"]
[Result "1-0"]
[WhiteElo "2447"]
[BlackElo "2239"]
[PlyCount "119"]
[EventDate "2014.??.??"]
[EventCountry "ESP"]
[WhiteTeam "Jaime Casas"]
[BlackTeam "Caissa-Hnos Cortes"]

1. b3 d5 2. Bb2 Nf6 3. e3 Bg4 4. Be2 Bxe2 5. Qxe2 Nc6 6. Nf3 e6 7. O-O Be7 8.
c4 Qd7 9. Rc1 O-O 10. cxd5 exd5 11. d3 Rfd8 12. a3 Ne8 13. b4 Bf6 14. Ra2 Qe6
15. Bxf6 Qxf6 16. Nbd2 a6 17. Nb3 Nd6 18. Nc5 Ne5 19. Nd4 Re8 20. a4 c6 21. h3
Qe7 22. Rb2 Nd7 23. Qg4 Ne5 24. Qd1 Rac8 25. Rc3 h6 26. Qc2 Ng6 27. Qe2 Ne5 28.
g3 Nd7 29. Kg2 Nf8 30. Ncb3 Ne6 31. Qg4 Nxd4 32. Nxd4 Qe5 33. Rbc2 Rcd8 34. Rc5
h5 35. Qf3 Rc8 36. b5 axb5 37. axb5 cxb5 38. Rxd5 Qe7 39. Rxc8 Rxc8 40. Nxb5
Ne8 41. Rxh5 Nf6 42. Rg5 Nh7 43. Qg4 Nxg5 44. Qxc8+ Kh7 45. h4 Ne6 46. d4 g6
47. Qc4 Kg7 48. d5 Qc5 49. Qc3+ Qxc3 50. Nxc3 Nc5 51. e4 b5 52. Nxb5 Nxe4 53.
Kf3 Nc5 54. Ke3 Kf6 55. d6 Ke5 56. g4 Nd7 57. h5 gxh5 58. gxh5 Kf5 59. f4 Nf6
60. Nd4+ 1-0

[Event "Cto Aragón Equipos Div Honor Gr I"]
[Site "Aragon"]
[Date "2014.02.01"]
[Round "2.15"]
[White "Gil Capape, Marco Antonio"]
[Black "Antoli Royo, Joaquin Miguel"]
[Result "0-1"]
[WhiteElo "2061"]
[BlackElo "2418"]
[PlyCount "72"]
[EventDate "2014.??.??"]
[EventCountry "ESP"]
[WhiteTeam "Caissa-Hnos Cortes"]
[BlackTeam "Jaime Casas"]

1. d4 Nf6 2. c4 c5 3. d5 e5 4. Qa4 Be7 5. Nf3 e4 6. Ng5 h6 7. Nh3 O-O 8. Nc3 d6
9. g3 Bf5 10. Nf4 Nbd7 11. Ng2 Ne5 12. Ne3 Bh7 13. Bh3 a6 14. O-O Re8 15. Qc2
Bf8 16. b3 h5 17. a4 Nfg4 18. Ncd1 Qf6 19. Bb2 Qh6 20. Qc1 Qg6 21. Ng2 h4 22.
Nf4 Qh6 23. Qc3 Be7 24. Bxg4 Nxg4 25. Ne3 Ne5 26. Kg2 g5 27. Ng4 Qf8 28. Nxe5
Bf6 29. Nd7 Bxc3 30. Bxc3 Qh6 31. Nh5 f5 32. gxh4 Kf7 33. Ndf6 Bg6 34. Nxe8
Bxh5 35. Nf6 Bxe2 36. Rg1 Qxh4 0-1

[Event "Cto Aragón Equipos Div Honor Gr I"]
[Site "Aragon"]
[Date "2014.02.01"]
[Round "2.16"]
[White "Ramiro Ovejero, Juan Luis"]
[Black "Galvez Perez, Jose Luis"]
[Result "1-0"]
[WhiteElo "2390"]
[BlackElo "1960"]
[PlyCount "51"]
[EventDate "2014.??.??"]
[EventCountry "ESP"]
[WhiteTeam "Jaime Casas"]
[BlackTeam "Caissa-Hnos Cortes"]

1. e4 g6 2. d4 Bg7 3. Nc3 d6 4. f4 a6 5. Nf3 b5 6. Bd3 Bb7 7. e5 Nd7 8. O-O e6
9. a4 b4 10. Ne4 Bxe4 11. Bxe4 d5 12. Bd3 Ne7 13. Bd2 c5 14. dxc5 Nc6 15. Qe2
Nxc5 16. Bb5 O-O 17. Bxc6 Rc8 18. Nd4 f6 19. a5 fxe5 20. fxe5 Rxf1+ 21. Rxf1
Qxa5 22. Qg4 Qc7 23. Bxb4 Bxe5 24. Bxc5 Bxd4+ 25. Bxd4 Qxc6 26. Qf4 1-0

[Event "Cto Aragón Equipos Div Honor Gr II"]
[Site "Aragon"]
[Date "2014.02.01"]
[Round "2.17"]
[White "Del Rey, Diego"]
[Black "Lana Rodriguez, David"]
[Result "0-1"]
[WhiteElo "2373"]
[BlackElo "2309"]
[PlyCount "114"]
[EventDate "2014.??.??"]
[EventCountry "ESP"]
[WhiteTeam "El Olivar"]
[BlackTeam "Helios"]

1. Nf3 c5 2. c4 Nf6 3. g3 d5 4. cxd5 Nxd5 5. Bg2 Nc6 6. Nc3 g6 7. O-O Bg7 8.
Ng5 Nc7 9. Qa4 Qd6 10. Qc4 Ne5 11. Qh4 f5 12. Qa4+ Bd7 13. Qb3 h6 14. Nf3 Nxf3+
15. Bxf3 Bc6 16. Bxc6+ Qxc6 17. d3 h5 18. h4 Bh6 19. Bxh6 Rxh6 20. Qg8+ Kd7 21.
Qg7 Rhh8 22. Rac1 Rag8 23. Qe5 Qd6 24. Qf4 Qxf4 25. gxf4 e5 26. fxe5 g5 27. Kh2
gxh4 28. Rg1 Ke6 29. Rxg8 Rxg8 30. f4 Rg4 31. e3 Rg3 32. Rg1 Rxe3 33. Rg6+ Kf7
34. Rf6+ Kg7 35. Rxf5 Rxd3 36. Ne4 Ne6 37. Rf6 Nd4 38. Ng5 Nf3+ 39. Nxf3 Rxf3
40. f5 Rf2+ 41. Kh3 Rxb2 42. Rg6+ Kf8 43. e6 Re2 44. Rf6+ Ke7 45. Rf7+ Kd6 46.
Kxh4 c4 47. Rxb7 c3 48. Rb3 Re3 49. Rb8 Re5 50. Kg5 c2 51. Rc8 Rc5 52. Rxc5
Kxc5 53. e7 c1=Q+ 54. Kf6 Qh6+ 55. Kf7 Qh7+ 56. Ke6 Qg8+ 57. Kd7 Qd5+ 0-1

[Event "Cto Aragón Equipos Div Honor Gr II"]
[Site "Aragon"]
[Date "2014.02.01"]
[Round "2.18"]
[White "Guzman Moneo, Alberto"]
[Black "Palacios Latasa, Elias"]
[Result "0-1"]
[WhiteElo "2170"]
[BlackElo "2232"]
[PlyCount "148"]
[EventDate "2014.??.??"]
[EventCountry "ESP"]
[WhiteTeam "Helios"]
[BlackTeam "El Olivar"]

1. e4 e5 2. Nf3 Nc6 3. Bb5 f5 4. d3 fxe4 5. dxe4 Nf6 6. O-O Bc5 7. Bg5 d6 8.
Nc3 O-O 9. Nd5 Kh8 10. c3 Ne7 11. b4 Nexd5 12. exd5 Bb6 13. Be2 Qe8 14. Bh4 Ne4
15. Rc1 a5 16. a3 axb4 17. axb4 Ra3 18. Qe1 Bf5 19. Bg3 Bg4 20. Nd2 Bxe2 21.
Qxe2 Nxc3 22. Qc4 Bd4 23. Kh1 c6 24. dxc6 bxc6 25. f4 d5 26. Qd3 Nb5 27. Nb3 e4
28. Qc2 Ba7 29. Qb2 d4 30. f5 Qf7 31. Nc5 Qd5 32. Qe2 Nc3 33. Qg4 Bxc5 34. bxc5
Raa8 35. Bd6 Rf6 36. Be7 Rf7 37. f6 g6 38. Ra1 Re8 39. Rfc1 e3 40. Ra7 Ne4 41.
Qf4 Qf5 42. Qxf5 gxf5 43. Rd7 Nf2+ 44. Kg1 Nd3 45. Rb1 e2 46. Rxd4 e1=Q+ 47.
Rxe1 Nxe1 48. Rd2 h6 49. Kf2 Kh7 50. g3 Kg6 51. h3 h5 52. h4 Kh7 53. Rd6 Rfxe7
54. fxe7 Rxe7 55. Rxc6 Nd3+ 56. Kf1 Kg7 57. Rd6 Nxc5 58. Rd5 Ne4 59. Kg2 Kf6
60. Rd8 Ke5 61. Rh8 Nf6 62. Ra8 Rd7 63. Ra2 Ne4 64. Ra6 Rd2+ 65. Kg1 Rc2 66.
Kf1 Rc3 67. Ra5+ Kd4 68. Ra4+ Ke3 69. Kg2 Rc2+ 70. Kh3 Nf2+ 71. Kg2 Ng4+ 72.
Kg1 Kf3 73. Rf4+ Kxg3 74. Rxf5 Rg2+ 0-1

[Event "Cto Aragón Equipos Div Honor Gr II"]
[Site "Aragon"]
[Date "2014.02.01"]
[Round "2.19"]
[White "Hernando Garcia, Antonio"]
[Black "Navarro Alonso, Jorge"]
[Result "1/2-1/2"]
[WhiteElo "2185"]
[BlackElo "2153"]
[PlyCount "108"]
[EventDate "2014.??.??"]
[EventCountry "ESP"]
[WhiteTeam "El Olivar"]
[BlackTeam "Helios"]

1. c4 c5 2. Nf3 Nc6 3. Nc3 e5 4. g3 g6 5. Bg2 Bg7 6. Rb1 Nge7 7. a3 a5 8. O-O
O-O 9. Ne1 d6 10. Nc2 a4 11. Ne3 Nd4 12. Nxa4 Nxe2+ 13. Qxe2 Rxa4 14. b4 f5 15.
f4 cxb4 16. axb4 Qb6 17. b5 Be6 18. Kh1 Ra2 19. Qd3 e4 20. Qb3 Rfa8 21. Bb2
Bxb2 22. Rxb2 R2a3 23. Qc2 Qd4 24. Rd1 R8a4 25. Bf1 b6 26. Rb3 Ra1 27. Rxa1
Rxa1 28. Qc3 Qxc3 29. Rxc3 d5 30. cxd5 Nxd5 31. Nxd5 Bxd5 32. Kg1 Rd1 33. Kf2
Rxd2+ 34. Ke3 Rxh2 35. Rc8+ Kf7 36. Rb8 Rh1 37. Be2 Rh3 38. Kd4 Bb3 39. Rxb6
Rxg3 40. Rb7+ Ke6 41. Rxh7 Rg2 42. Ke3 Rg3+ 43. Kd4 Rg2 44. Ke3 Bd5 45. b6 Rg3+
46. Kd4 Rb3 47. Rh6 Rg3 48. Ba6 e3 49. b7 Bxb7 50. Bxb7 e2 51. Rh8 Rg4 52. Re8+
Kf6 53. Rxe2 Rxf4+ 54. Ke3 Rb4 1/2-1/2

[Event "Cto Aragón Equipos Div Honor Gr II"]
[Site "Aragon"]
[Date "2014.02.01"]
[Round "2.20"]
[White "Cerrajeria Ruiz, Jesus Maria"]
[Black "Melendez Fierro, Juan Bautista"]
[Result "1-0"]
[WhiteElo "2140"]
[BlackElo "2157"]
[PlyCount "113"]
[EventDate "2014.??.??"]
[EventCountry "ESP"]
[WhiteTeam "Helios"]
[BlackTeam "El Olivar"]

1. c4 e5 2. g3 Nc6 3. Bg2 g6 4. Nc3 Bg7 5. e3 d6 6. Nge2 h5 7. h3 h4 8. g4 Nh6
9. d4 f5 10. dxe5 fxg4 11. exd6 gxh3 12. Be4 Bf5 13. Bxf5 Nxf5 14. Nf4 Bxc3+
15. bxc3 cxd6 16. Nxg6 Rh6 17. e4 Rxg6 18. exf5 Qe7+ 19. Kf1 Rg8 20. Qd5 O-O-O
21. Qe6+ Qxe6 22. fxe6 Rde8 23. Rxh3 Rg4 24. Ba3 Rxe6 25. Rd1 Rxc4 26. Bxd6 b5
27. Rd5 a6 28. f4 Ne7 29. Rdd3 Nf5 30. Be5 Ra4 31. Rd2 Ng3+ 32. Kg2 Rg6 33. Kf3
Nf5 34. Bd4 Rc4 35. Ke4 Ng3+ 36. Ke5 Rcc6 37. f5 Rg5 38. Rf2 Rh5 39. Rf4 Rch6
40. Bf2 Ne2 41. Re4 Nc1 42. Rexh4 Rxh4 43. Rxh4 Rxh4 44. Bxh4 Kd7 45. f6 Nd3+
46. Ke4 Nc5+ 47. Kd5 Ne6 48. f7 Nf8 49. Ke5 a5 50. a3 Ng6+ 51. Kf6 Nf8 52. Bf2
Kc6 53. Be3 Kd6 54. Bb6 Nd7+ 55. Kg7 a4 56. Ba5 Kd5 57. Bb4 1-0

[Event "Cto Aragón Equipos Div Honor Gr II"]
[Site "Aragon"]
[Date "2014.02.01"]
[Round "2.22"]
[White "Laliena Solanes, Luis"]
[Black "Glavina, Pablo"]
[Result "1/2-1/2"]
[WhiteElo "2147"]
[BlackElo "2444"]
[PlyCount "63"]
[EventDate "2014.??.??"]
[EventCountry "ESP"]
[WhiteTeam "ONCE CA Aragon"]
[BlackTeam "St. Casablanca"]

1. e4 e5 2. Nf3 Nc6 3. Bc4 Nf6 4. Ng5 d5 5. exd5 Na5 6. Bb5+ c6 7. dxc6 Nxc6 8.
Nc3 Be7 9. O-O O-O 10. Re1 Nd4 11. Bd3 b5 12. Nce4 g6 13. Nxf6+ Bxf6 14. Be4
Rb8 15. Nf3 Ne6 16. c3 Bg7 17. Bc2 Qc7 18. d3 b4 19. Bd2 Bb7 20. Rc1 Rfd8 21.
Qe2 bxc3 22. bxc3 Bxf3 23. Qxf3 Rb2 24. Be3 Rxa2 25. Bb3 Ra6 26. Bc4 Rc6 27.
Ra1 a5 28. Ra3 Nc5 29. Bxf7+ Kh8 30. Bxc5 Rxc5 31. Bc4 Qd6 32. Ra2 1/2-1/2

[Event "Cto Aragón Equipos Div Honor Gr II"]
[Site "Aragon"]
[Date "2014.02.01"]
[Round "2.23"]
[White "Lopez Gracia, Fernando"]
[Black "Fuertes Garay, Javier"]
[Result "1-0"]
[WhiteElo "2354"]
[BlackElo "2097"]
[PlyCount "97"]
[EventDate "2014.??.??"]
[EventCountry "ESP"]
[WhiteTeam "St. Casablanca"]
[BlackTeam "ONCE CA Aragon"]

1. c4 Nf6 2. Nf3 e6 3. Nc3 c5 4. g3 Nc6 5. Bg2 d5 6. cxd5 exd5 7. d4 h6 8. O-O
Be7 9. dxc5 Bxc5 10. a3 O-O 11. b4 Bb6 12. Bb2 Be6 13. Na4 Ne4 14. Rc1 Re8 15.
Nd4 Bxd4 16. Bxd4 Nxd4 17. Qxd4 Nf6 18. e3 b6 19. Nc3 Rc8 20. Nxd5 Nxd5 21.
Rxc8 Qxc8 22. Bxd5 Bxd5 23. Qxd5 Rd8 24. Qb3 Qg4 25. Rc1 Rd2 26. Qc3 Rd1+ 27.
Rxd1 Qxd1+ 28. Kg2 Qd5+ 29. f3 Qa2+ 30. Kh3 Qe6+ 31. g4 h5 32. Qd3 hxg4+ 33.
fxg4 Qf6 34. Kg3 Qe5+ 35. Kg2 Qb2+ 36. Kh3 Qf6 37. e4 g6 38. Qe3 Qf1+ 39. Kg3
Qf6 40. e5 Qe6 41. h4 Kg7 42. h5 gxh5 43. gxh5 Qf5 44. Kh4 Kh7 45. b5 Qc2 46.
Kg5 Kg7 47. Qg3 Qe4 48. h6+ Kf8 49. Kf6 1-0

[Event "Cto Aragón Equipos Div Honor Gr II"]
[Site "Aragon"]
[Date "2014.02.01"]
[Round "2.24"]
[White "Cobo Garrido, Diego Israel"]
[Black "Sanchez Herrera, Miguel"]
[Result "1-0"]
[WhiteElo "2045"]
[BlackElo "2126"]
[PlyCount "121"]
[EventDate "2014.??.??"]
[EventCountry "ESP"]
[WhiteTeam "ONCE CA Aragon"]
[BlackTeam "St. Casablanca"]

1. e4 c5 2. Nf3 Nc6 3. d4 cxd4 4. Nxd4 Nf6 5. Nc3 e5 6. Ndb5 d6 7. Bg5 a6 8.
Na3 b5 9. Nd5 Be7 10. Bxf6 Bxf6 11. c3 Ne7 12. Nc2 O-O 13. Nce3 Nxd5 14. Nxd5
Bb7 15. Be2 Rc8 16. Bf3 Bxd5 17. Qxd5 Rc5 18. Qd3 Qb6 19. O-O Be7 20. Bd1 a5
21. Bb3 b4 22. cxb4 Qxb4 23. Rab1 g6 24. Bd5 Kg7 25. a3 Qb6 26. b4 axb4 27.
Rxb4 Qa5 28. Rb7 Rc3 29. Qd1 Bd8 30. Qg4 Bb6 31. g3 Qc5 32. h4 h5 33. Qh3 Rxa3
34. Qg2 Ra7 35. Rxa7 Bxa7 36. g4 hxg4 37. Qxg4 Qc7 38. h5 Qe7 39. Rb1 Qf6 40.
Qg2 g5 41. Rb3 Kh6 42. Rf3 Qg7 43. Qg4 f6 44. Rb3 Rb8 45. Rf3 Bc5 46. Qe6 Rf8
47. Rb3 Qa7 48. Qf5 Bxf2+ 49. Kg2 Kxh5 50. Rb7 Qxb7 51. Bxb7 Bc5 52. Bc8 Kh6
53. Qh3+ Kg7 54. Bf5 Rh8 55. Qb3 Rf8 56. Qb7+ Rf7 57. Qc8 Ra7 58. Kf3 Re7 59.
Kg4 Be3 60. Be6 Kh6 61. Qh8+ 1-0

[Event "Cto Aragón Equipos Div Honor Gr II"]
[Site "Aragon"]
[Date "2014.02.01"]
[Round "2.25"]
[White "Roche Simon, Manuel Angel"]
[Black "Fernandez Rubio, Rafael"]
[Result "1-0"]
[WhiteElo "2142"]
[BlackElo "2021"]
[PlyCount "77"]
[EventDate "2014.??.??"]
[EventCountry "ESP"]
[WhiteTeam "Delicias"]
[BlackTeam "Tauste"]

1. e4 d6 2. d4 Nf6 3. Nc3 Nbd7 4. Nf3 e5 5. Bc4 Be7 6. O-O O-O 7. Re1 c6 8. a4
b6 9. Ba2 a6 10. Bg5 Qc7 11. Nh4 g6 12. Bh6 Re8 13. Nf3 Ng4 14. Bg5 exd4 15.
Bxe7 Rxe7 16. Qxd4 Nde5 17. Rad1 d5 18. Nxe5 Rxe5 19. h3 Rh5 20. exd5 Qh2+ 21.
Kf1 Qh1+ 22. Ke2 Qxg2 23. hxg4 Bxg4+ 24. Kd2 c5 25. Qe4 Qxf2+ 26. Kc1 Bxd1 27.
Rxd1 Qh4 28. d6 Qxe4 29. Nxe4 Rh4 30. Bd5 Rd8 31. Ng5 Rf4 32. Bc6 Rd4 33. Rxd4
cxd4 34. d7 Kf8 35. Nxh7+ Ke7 36. Ng5 f6 37. Nf3 f5 38. Nxd4 f4 39. Kd2 1-0

[Event "Cto Aragón Equipos Div Honor Gr II"]
[Site "Aragon"]
[Date "2014.02.01"]
[Round "2.26"]
[White "Sierra Aguerri, Joaquin"]
[Black "Llanes Luno, Pedro Alfredo"]
[Result "1-0"]
[WhiteElo "2018"]
[BlackElo "2127"]
[PlyCount "109"]
[EventDate "2014.??.??"]
[EventCountry "ESP"]
[WhiteTeam "Tauste"]
[BlackTeam "Delicias"]

1. e4 c5 2. Nc3 g6 3. f4 Bg7 4. Nf3 Nc6 5. Bb5 Nd4 6. O-O Nxb5 7. Nxb5 Nf6 8.
d3 O-O 9. Qe1 d6 10. f5 gxf5 11. Qh4 Qd7 12. e5 dxe5 13. c4 Qxd3 14. Nxe5 Qe2
15. Bf4 Be6 16. Nc7 Rad8 17. Nxe6 fxe6 18. Nf3 Qxc4 19. Rac1 Qxa2 20. Be5 Rd5
21. Bc3 b5 22. Ng5 Rd4 23. Bxd4 cxd4 24. Qxd4 Ne4 25. Qe3 Qxb2 26. Nxe6 Be5 27.
Rb1 Qd2 28. Qxd2 Nxd2 29. Rxb5 Bxh2+ 30. Kxh2 Nxf1+ 31. Kg1 Rf6 32. Rb8+ Kf7
33. Nd8+ Ke8 34. Kxf1 Kd7 35. Ra8 e5 36. Nb7 Kc6 37. Na5+ Kb6 38. Nc4+ Kb7 39.
Rh8 e4 40. Rxh7+ Ka6 41. Rh5 Kb5 42. Ne3 a5 43. Ke2 a4 44. g4 a3 45. Nxf5 a2
46. Ne3+ Ka4 47. Rh1 Kb3 48. Rd1 Ra6 49. Kf2 a1=Q 50. Rxa1 Rxa1 51. Kg3 Kc3 52.
g5 Kd3 53. Kf4 Rg1 54. Nf5 Rf1+ 55. Ke5 {tiempo} 1-0

[Event "Cto Aragón Equipos Div Honor Gr II"]
[Site "Aragon"]
[Date "2014.02.01"]
[Round "2.27"]
[White "Naya Sancho, Jose Ignacio"]
[Black "Sancho Casale, Jesus"]
[Result "1-0"]
[WhiteElo "2102"]
[BlackElo "1968"]
[PlyCount "111"]
[EventDate "2014.??.??"]
[EventCountry "ESP"]
[WhiteTeam "Delicias"]
[BlackTeam "Tauste"]

1. d4 Nf6 2. c4 e6 3. Nc3 Bb4 4. Qc2 Nc6 5. Nf3 b6 6. e3 O-O 7. Be2 Ba6 8. a3
Bxc3+ 9. Qxc3 d5 10. b4 Bxc4 11. Bxc4 dxc4 12. Qxc4 Qd5 13. Qxd5 exd5 14. Bd2
Rfc8 15. Rc1 Ne7 16. Ne5 Ne4 17. Ke2 f6 18. Nc6 Kf7 19. Nxe7 Kxe7 20. Be1 b5
21. Kd3 Nd6 22. Kc2 Nc4 23. Kb3 c6 24. Bc3 Kd6 25. g4 Rc7 26. Rhe1 Re7 27. Ra1
a6 28. a4 Nb6 29. axb5 axb5 30. Rxa8 Nxa8 31. f3 Nb6 32. e4 Nc4 33. h3 Ra7 34.
e5+ Ke6 35. f4 f5 36. Bb2 g6 37. Re2 fxg4 38. hxg4 Rf7 39. Bc1 Nb6 40. Ra2 Na4
41. Rc2 Rc7 42. Rf2 Rf7 43. Rc2 Rc7 44. Rh2 Rg7 45. Rh6 Kd7 46. f5 gxf5 47.
gxf5 Rg1 48. Rxh7+ Ke8 49. Bh6 Rg2 50. Bc1 Rf2 51. f6 Nb6 52. Bg5 Nc4 53. e6
Rf3+ 54. Kc2 Ne3+ 55. Bxe3 Rxf6 56. Rh8+ 1-0

[Event "Cto Aragón Equipos Div Honor Gr II"]
[Site "Aragon"]
[Date "2014.02.01"]
[Round "2.28"]
[White "Muro Turon, Raul"]
[Black "Campo Millan, Diego"]
[Result "1-0"]
[WhiteElo "1870"]
[BlackElo "2069"]
[PlyCount "81"]
[EventDate "2014.??.??"]
[EventCountry "ESP"]
[WhiteTeam "Tauste"]
[BlackTeam "Delicias"]

1. e4 c5 2. c3 Nf6 3. e5 Nd5 4. Bc4 Nb6 5. Bb3 e6 6. d4 cxd4 7. cxd4 d6 8. Nf3
Nc6 9. O-O dxe5 10. dxe5 Qxd1 11. Rxd1 Bd7 12. Be3 Na5 13. Nc3 Nbc4 14. Bc1 Bc6
15. Ba4 Bb4 16. Bxc6+ Nxc6 17. Nb5 O-O 18. a3 Be7 19. Bf4 Rfd8 20. b4 Rxd1+ 21.
Rxd1 a6 22. Nd6 Rd8 23. Rc1 Nxd6 24. exd6 Bxd6 25. Be3 Be7 26. Kf1 f6 27. Nd2
Rd3 28. Nc4 Kf7 29. Ke2 Rd5 30. Nb6 Rd8 31. Rc4 e5 32. Na4 Nxb4 33. Bb6 Rd6 34.
axb4 Re6 35. Rc7 Kg6 36. Bc5 b5 37. Nc3 Bxc5 38. Rxc5 f5 39. Nd5 Kg5 40. Nc7
Re7 41. Nxa6 1-0